| 000 | 00712nam a22002177a 4500 | ||
|---|---|---|---|
| 999 |
_c15011 _d15011 |
||
| 003 | AR-CdUCM | ||
| 008 | 190425b ||||| |||| 00| 0 spa d | ||
| 020 | _a978-958-30-4155-6 | ||
| 040 |
_aMUNICIPALIDAD PROVINCIAL DEL CUSCO _cBIBLIOTECA MUNICIPAL DEL CUSCO |
||
| 082 |
_aPI / 376.1 / _bG49 |
||
| 245 |
_aGira y aprende : _bLos colores y las formas / |
||
| 260 |
_aBogotá : _bPanamericana, _c2013. |
||
| 300 | _bilustraciones, | ||
| 650 |
_aDesarrollo cognitivo _934015 |
||
| 650 |
_aAprendizaje infantil _933271 |
||
| 650 |
_aSiglo XXI _92856 |
||
| 700 |
_aUribe, María del Rosario (ilustración) _934016 |
||
| 710 |
_aPanamericana Editorial. _933177 |
||
| 942 |
_2ddc _cLIBROS |
||
| 945 |
_aachl _d2019-04-25 |
||